000 00858nam a2200277 i 4500
001 000004411
003 DO-SdBNP
005 20240710152013.0
006 a||||gr|||| 00| 0
007 ta
008 090722e2006 ht a 00| m hat d
040 _aDO-SdBNP
_bspa
_cBNPHU
_erda
041 _hcreole
082 4 _bR163h
_222
100 1 _aRalph Placide, Jean
_912969
_eautor
245 1 0 _aHabla creol sin profesor /
_cJean Ralph Placide.
264 _aSanto Domingo :
_bEvent Arts y Online Productions,
_c2006
300 _a50 páginas :
_bilustraciones ;
_c20 cm.
336 _2rdacontent
_atexto
_btxt
337 _2rdamedia
_asin mediación
_bn
338 _2rdacarrier
_avolumen
_bnc
590 _aInventariado 2024 / MF
650 4 _927985
_aLenguas Criolllas haitianas
_xEnseñanzas
650 4 _928061
_aCreol
_xEnseñanzas
_zHaití
942 _2ddc
_cLBS1
999 _c4220
_d4220